Statistics for Africa Geography by Letter - P

Click here to take the quiz!

General Stats

  • This quiz has been taken 93 times
  • The average score is 11 of 20

Answer Stats

HintAnswer% Correct
São Tomé and....Príncipe
100%
One of South Africa's three capital citiesPretoria
96%
Structures famously built in Ancient Egypt as tombs for their rulerspyramids
95%
Madeira is part of this countryPortugal
93%
Term for the rulers of Ancient EgyptPharaoh
91%
Capital and largest city of Cape VerdePraia
86%
Official and legislative capital of BeninPorto-Novo
85%
Capital city of MauritiusPort Louis
84%
Aquatic bird that lives on the coasts of South Africa and Namibiapenguin
66%
Civilization that founded CarthagePhoenicia
65%
Former name for Gqeberha, South AfricaPort Elizabeth
55%
One of Alexander the Great's generals, who became ruler of Egypt and turned it into a Hellenistic kingdomPtolemy I Soter
55%
Fifth largest city of Nigeria; capital of Rivers StatePort Harcourt
46%
Second largest city in CongoPointe-Noire
37%
Northeast region of Somalia, named for an ancient landPuntland
27%
Second largest city of Gabon; located on an islandPort-Gentil
16%
Third largest island of the Seychelles and popular tourist destinationPraslin
9%
Tallest building in Cape Town, South AfricaPortside Tower
8%
Central business district of Abidjan, Ivory CoastPlateau
7%
Minor Spanish territories off the coast of or bordering MoroccoPlazas de soberanía
5%

Score Distribution

Percentile by Number Answered

Percent of People with Each Score

Your Score History

You have not taken this quiz